| 000 | 00459nam a2200169Ia 4500 | ||
|---|---|---|---|
| 008 | 220216s9999 xx 000 0 und d | ||
| 100 | _aGlockler Jurgen | ||
| 245 | 0 | _aTPEs most suitable for automotive weatherseals | |
| 260 |
_bRubber Asia _c1999 |
||
| 300 | _a73-76 | ||
| 650 | _aAutomotive weatherseals | ||
| 650 | _aRubber engineering | ||
| 650 | _aRubber products | ||
| 650 | _aThermoplastic elastomers | ||
| 650 | _aThermoset rubber | ||
| 942 | _cJS | ||
| 999 |
_c71436 _d71436 |
||